000 00752nam a2200253Ia 4500
003 OSt
005 20220925211334.0
006 a|||||r|||| 00| 0
007 ta
008 220923b |||||||| |||| 00| 0 eng d
037 _cGeneral Book
040 _aRTL
_cRTL
_beng
041 _2eng
_aeng
082 _aX723.44Q743.M9t4, B9
110 _aBombay
245 0 _aSettlement records of the Shahlandar division of t
260 _aKarachi
_bCommissioner's press pakistan
_c1889
300 _a120p.
_ccm.
490 _aSelections from the records of the Bombay government, new series. 192.
650 _aLand taxation
700 _aBombay
942 _hX723.44Q743.M9t4, B9
_cGB
_2CC
999 _c557396
_d557396